00986nam a2200253 i 4500001001000000003000900010005001700019007000300036008003800039040003000077082001000107245004300117264007500160300002500235336002700260337003300287338002800320590002700348910001400375942001300389952013100402952018200533999001700715000026461DO-SdBNP20230913134503.0ta110318s1955 dr 000 0 spa d aDO-SdBNPbspacBNPHUerda bM313c00aMarcado contraste :b(de ayer y hoy) / 1aCiudad Trujillo, República Dominicana :bEditora Del Caribe, c1955. a29 páginasc24 cm. 2rdacontentatextobtxt 2rdamediaasin mediaciónbn 2rdacarrieravolumenbnc aInventariado, 2020/ YL aYLockward 2ddccLF2 00102ddc51708DS-FRVaBNPHUbBNPHUcCTd2013-10-21eFlia. Reyes Dulucl0oxxxx xxxxp2020-0197r2020-10-21w2020-10-21yLF2 00102ddc51708DS-FRVaBNPHUbBNPHUcCTd2014-12-01eBarbara Suncarl0p2023-5843r2023-09-13te. 2w2020-10-21yLF2zPerteneció a la biblioteca personal de Bárbara Suncar c48936d48936